Spieler der Fußball-WM 2006 - Statistiken

Allgemein
  • Dieses Quiz wurde 89 mal gespielt
  • Das Durchschnittsergebnis liegt bei 10 aus 16
Antwortstatistiken
Bildquiz Hint Antwort % Korrekt
Brasilien Ronaldo
97%
Deutschland Michael Ballack
96%
Frankreich Zinedine Zidane
96%
England Wayne Rooney
95%
Elfenbeinküste Didier Drogba
92%
Italien Gianluigi Buffon
92%
Portugal Luís Figo
92%
Spanien Raúl González
89%
Niederlande Ruud van Nistelrooy
80%
Argentinien Carlos Tevez
78%
Südkorea Park Ji-sung
52%
Vereinigte Staaten Steve Cherundolo
33%
Polen Ebi Smolarek
32%
Paraguay Justo Villar
0%
Saudi-Arabien Mohammad Khouja
0%
Kroatien Tomislav Butina
0%
Keine übereinstimmenden Quizze gefunden
Verteilung der Resultate
Anzahl Personen mit jedem Resultat
Perzentil nach korrekt beantworteten Fragen
Ihre Resultats-Entwicklung
Sie haben dieses Quiz noch nicht gespielt